000
00492nam a2200181Ia 4500
008
090124s9999 xx 000 0 und d
082
_b
126742
100
_a
जोशी दिलीप
245
_a
स्वप्नगंधा
250
_a
1
260
_c
1995
300
_a
164
600
_a
जोशी दिलीप
630
_a
स्वप्नगंधा
700
_a
जोशी दिलीप
730
_a
स्वप्नगंधा
942
_c
BOOK
999
_c
172832
_d
172832